| 000 | 00903nam a2200205Ii 4500 | ||
|---|---|---|---|
| 003 | JO-AjNU | ||
| 008 | 230605s9999||||xx |||||||||||||| ||und|| | ||
| 040 |
_aJO-AjNU _bara _erda _cJO-AjNU |
||
| 041 | _aara | ||
| 050 | 1 | 4 | _aHD30.28 2018 |
| 100 | 3 |
_aالياسري، اكرم محسن، م.مشارك ايناس ناصر علكة الموسوس, _eauthor _957961 |
|
| 245 | 0 | 0 | _aمفاهيم معاصرة في الادارة الاستراتيجية وتظرية المنظمة: ( تكنولوجيا المعلومات المصرفية، حوكمة المصارف، الرقابة السلوكية)، ج2 |
| 250 | _aط1 | ||
| 264 | 3 | 1 | _aعمان: دار صفاء للنشر والتوزيع، 2018 |
| 300 | _aج2، 207ص | ||
| 336 |
_atext _btxt _2rdacontent |
||
| 337 |
_aunmediated _bn _2rdamedia |
||
| 338 |
_avolume _bnc _2rdacarrier |
||
| 650 | 4 |
_aالادارة الاستراتيجية _957962 |
|
| 999 |
_aA26004 _c29572 _d29572 |
||